Estadística matemática

Guardat en:
Dades bibliogràfiques
Autor principal: Aitken, A. C (Autor)
Format: Llibre
Idioma:espanyol
Publicat: Madrid Dossat 1950
Col·lecció:Textos Universitarios Ingleses de Matemáticas
Matèries:
Etiquetes: Afegir etiqueta
Sense etiquetes, Sigues el primer a etiquetar aquest registre!

MARC

LEADER 00000nam a2200000 a 4500
001 UCP0005
003 CL-VaPUC
008 990128e19500000SP |||||||||||||||||spa|d
082 0 4 |a 519.5  |b AIT  |2 21 
100 0 |a Aitken, A. C  |e author  |9 424743 
245 1 0 |a Estadística matemática 
300 |a 167 p 
942 |c BK 
945 |d 19990128 00:00:00  |a crobeson 
260 |a Madrid  |b Dossat  |c 1950 
650 0 |a Estadística matemática  |9 260028 
650 0 |a Probabilidades   |9 260199 
650 7 |a DISTRIBUCIONES DE PROBABILIDAD  |2 CL-VaPUC  |9 336939 
650 7 |a DISTRIBUCIONES DE FRECUENCIA  |2 CL-VaPUC  |9 424744 
583 |a last modification  |c 19990128 00:00:00  |k Rodrigo Vera 
490 0 |a Textos Universitarios Ingleses de Matemáticas 
999 |c 278891  |d 278889 
952 |0 0  |1 0  |4 0  |6 519_500000000000000_AIT_1950  |7 0  |8 A  |9 317702  |a BIBMAT  |b BIBMAT  |d 2019-11-20  |i 1320262  |o 519.5 AIT 1950  |p 1320262  |r 2025-01-07  |w 2019-11-20  |y BK  |k MAT